[Event "I Festival A"]
[Site "Cattolica ITA"]
[Date "2005.06.13"]
[Round "3"]
[White "Orfei, Rolando"]
[Black "Sautto, Daniele"]
[Result "0-1"]
[WhiteElo "1943"]
[BlackElo "2119"]
[PlyCount "78"]
[EventDate "2005.06.11"]

1.b3 Nf6 2.Bb2 e6 3.e3 b6 4.Nf3 Bb7 5.Be2 g6 6.O-O Bg7 7.d4 O-O 8.c4 Ne4 
9.Nc3 f5 10.Qc2 d6 11.Rad1 Nd7 12.Nd2 Nxd2 13.Qxd2 Qh4 14.f4 g5 15.fxg5 
Qxg5 16.Bf3 Bxf3 17.Rxf3 Kh8 18.Rg3 Qe7 19.Rf1 c6 20.Ba3 c5 21.dxc5 Nxc5 
22.Bb2 Be5 23.Qe2 Rg8 24.Rff3 Qf6 25.e4 Rxg3 26.hxg3 Qg7 27.exf5 exf5 28.
Nd1 Ne4 29.Bxe5 Qxe5 30.Qb2 Rf8 31.Qxe5+ dxe5 32.Ne3 Nc3 33.Rxf5 Rxf5 34.
Nxf5 Nxa2 35.Nd6 Nc1 36.b4 a5 37.bxa5 bxa5 38.c5 Ne2+ 39.Kf2 Nd4 0-1

[Event "I Festival A"]
[Site "Cattolica ITA"]
[Date "2005.06.13"]
[Round "3"]
[White "Orsi, Lorenzo"]
[Black "Nardi, Marco"]
[Result "0-1"]
[WhiteElo "1700"]
[BlackElo "2017"]
[PlyCount "72"]
[EventDate "2005.06.11"]

1.e4 d5 2.exd5 Qxd5 3.Nc3 Qd6 4.Bc4 Nf6 5.d3 Nc6 6.Nge2 a6 7.Bf4 e5 8.Bg3 
h5 9.h4 g6 10.d4 Nxd4 11.Bxe5 Nxc2+ 12.Qxc2 Qxe5 13.O-O-O Bh6+ 14.Kb1 Bf5 
15.Bd3 Bxd3 16.Rxd3 O-O 17.Rhd1 Qe7 18.f4 Rad8 19.f5 Kg7 20.Rg3 Rxd1+ 21.
Nxd1 Qe4 22.fxg6 fxg6 23.Rd3 Nd5 24.Ng3 Qe5 25.Qc4 Nb6 26.Qc2 Rf7 27.Ne2 
Nd5 28.Rg3 Qf5 29.Nd4 Qxc2+ 30.Kxc2 Kh7 31.Nc3 Nxc3 32.Rxc3 Bg7 33.Rc4 Rf4
34.Kd3 b5 35.Rxc7 Rxd4+ 36.Ke3 Rxh4 0-1

[Event "I Festival A"]
[Site "Cattolica ITA"]
[Date "2005.06.13"]
[Round "3"]
[White "Pircher, Karl"]
[Black "Russo, Carmelo"]
[Result "1/2-1/2"]
[WhiteElo "2037"]
[BlackElo "1763"]
[PlyCount "31"]
[EventDate "2005.06.11"]

1.d4 Nf6 2.c4 g6 3.Nc3 d5 4.cxd5 Nxd5 5.e4 Nxc3 6.bxc3 Bg7 7.Bc4 c5 8.Ne2 
Nc6 9.Be3 cxd4 10.cxd4 Qa5+ 11.Bd2 Qh5 12.Be3 Qa5+ 13.Qd2 O-O 14.Rd1 Qxd2+
15.Rxd2 Na5 16.Bd3 1/2-1/2

[Event "I Festival A"]
[Site "Cattolica ITA"]
[Date "2005.06.13"]
[Round "3"]
[White "Ronchetti, Niccolo'"]
[Black "Frilli, Guido"]
[Result "1-0"]
[WhiteElo "2364"]
[BlackElo "2117"]
[PlyCount "173"]
[EventDate "2005.06.11"]

1.e4 c5 2.Nf3 Nc6 3.Bb5 g6 4.O-O Bg7 5.Re1 Nf6 6.c3 O-O 7.e5 Nd5 8.d4 cxd4
9.cxd4 d6 10.exd6 Qxd6 11.Nc3 Bg4 12.Be3 Nxc3 13.bxc3 e5 14.Bxc6 bxc6 15.
dxe5 Qxd1 16.Raxd1 Bxf3 17.gxf3 Bxe5 18.Bc5 Rfe8 19.Re3 Bc7 20.Rxe8+ Rxe8 
21.Bxa7 Ra8 22.Bd4 Rxa2 23.Bf6 Re2 24.Ra1 Re8 25.Ra6 c5 26.Ra4 Bd6 27.Kg2 
Re6 28.Ra8+ Bf8 29.Bg5 Kg7 30.Rc8 Re5 31.Be3 Rh5 32.Rc6 Rf5 33.c4 Be7 34.
Bd2 Bf6 35.Be3 Be7 36.h3 Rh5 37.Bd2 Bf6 38.Be3 Be7 39.Rc7 Bd8 40.Rxc5 Rxc5
41.Bxc5 Bc7 42.Bd4+ Kf8 43.Kf1 Ke7 44.Ke2 Ke6 45.Kd3 f5 46.Be3 Kd7 47.Kd4 
Kc6 48.Kd3 Be5 49.Bd4 Bf4 50.Bf6 Bc7 51.Bc3 Bb6 52.Bd4 Bc7 53.Ke3 Bd6 54.
Kd2 Bf4+ 55.Kc3 Bd6 56.Kb3 Be7 57.f4 Bd6 58.Be5 Bc5 59.f3 Be7 60.Kc3 Bc5 
61.Kd3 Ba7 62.Bd4 Bb8 63.Be5 Ba7 64.Kc3 Bc5 65.Kb3 Be7 66.Bc3 Bd6 67.Bd2 
Bc5 68.Ka4 Bb6 69.Kb4 Bc5+ 70.Ka5 Bb6+ 71.Ka4 Bc5 72.Kb3 Bd6 73.Kc3 Bc5 
74.Kd3 Bb6 75.Be3 Bc7 76.Bc1 Bb6 77.Bd2 Ba7 78.Be3 Bb8 79.c5 Bc7 80.Kc4 
Bb8 81.Kb4 Ba7 82.Bd4 Bb8 83.Be5 Ba7 84.Bd6 Kb7 85.Kb5 h6 86.h4 Ka8 87.Ka6
1-0

[Event "I Festival A"]
[Site "Cattolica ITA"]
[Date "2005.06.13"]
[Round "3"]
[White "Safranska, Anda"]
[Black "Cox, John J."]
[Result "0-1"]
[WhiteElo "2298"]
[BlackElo "2322"]
[PlyCount "116"]
[EventDate "2005.06.11"]

1.Nf3 Nf6 2.g3 d5 3.Bg2 c6 4.d3 Bg4 5.O-O Nbd7 6.Nbd2 e5 7.e4 dxe4 8.dxe4 
Be7 9.Qe1 O-O 10.h3 Bh5 11.Nh4 Re8 12.Nf5 Bf8 13.Nc4 Nb6 14.Na5 Qc7 15.b3 
Nfd7 16.Qc3 Nc5 17.a4 f6 18.Ba3 Ne6 19.Bxf8 Rxf8 20.Rfe1 Rad8 21.Bf1 Nd4 
22.Nxd4 Rxd4 23.Nc4 Rfd8 24.Nxb6 Qxb6 25.a5 Qc7 26.Bc4+ Bf7 27.Bxf7+ Kxf7 
28.Kg2 a6 29.Re3 Qd6 30.h4 Qb4 31.Qxb4 Rxb4 32.Kf3 Rd2 33.Rc3 Ke7 34.Ke3 
Rbd4 35.Rb1 Kd6 36.b4 h5 37.Rc1 g6 38.Rb1 f5 39.exf5 gxf5 40.Rb2 Rd1 41.
Rbb3 Ke6 42.Ke2 Rc1 43.Rc5 Re4+ 44.Kf3 Rd1 45.Re3 Re1 46.c3 R4xe3+ 47.fxe3
Rf1+ 48.Ke2 Rb1 49.Kf2 Rb2+ 50.Kf1 Kd6 51.e4 fxe4 52.Rc4 Kd5 53.Rc5+ Ke6 
54.Rc4 Kf5 55.Kg1 Kg4 56.Rxe4+ Kxg3 57.Re3+ Kf4 58.Re1 e4 0-1

[Event "I Festival A"]
[Site "Cattolica ITA"]
[Date "2005.06.13"]
[Round "3"]
[White "Squarci, Franco"]
[Black "Marini, Lucio"]
[Result "1-0"]
[WhiteElo "1863"]
[BlackElo "1527"]
[PlyCount "78"]
[EventDate "2005.06.11"]

1.d4 e6 2.Nf3 d5 3.Nc3 c5 4.e3 Nc6 5.Bb5 Bd7 6.O-O Bd6 7.e4 cxd4 8.Nxd4 
dxe4 9.Nxe4 Be7 10.Nf3 Qc7 11.Be3 Nf6 12.Nc5 Nd5 13.Nxd7 Nxe3 14.fxe3 
O-O-O 15.Bxc6 bxc6 16.Qe2 Rxd7 17.Rad1 Rhd8 18.Rd4 Qb6 19.Rxd7 Rxd7 20.Ne5
Rc7 21.b3 Bf6 22.Nc4 Qc5 23.Rd1 Kb8 24.a3 h6 25.b4 Qg5 26.Na5 Qe5 27.Nb3 
Bg5 28.Rd3 Ka8 29.a4 Rb7 30.c3 Be7 31.Qf3 Bg5 32.Nc5 Rc7 33.Na6 Rc8 34.b5 
Kb7 35.Nb4 Kb6 36.Nxc6 Qc5 37.Qe4 a6 38.Ne5 Rc7 39.Nc4+ Ka7 1-0

[Event "I Festival A"]
[Site "Cattolica ITA"]
[Date "2005.06.13"]
[Round "3"]
[White "Torrisi, Andrea"]
[Black "Baldelli, Alex"]
[Result "0-1"]
[WhiteElo "1611"]
[BlackElo "1901"]
[PlyCount "64"]
[EventDate "2005.06.11"]

1.d4 d5 2.c4 e6 3.Nf3 c6 4.e3 Nf6 5.Nbd2 Nbd7 6.Bd3 Bd6 7.O-O O-O 8.b3 e5 
9.dxe5 Nxe5 10.Bc2 Bg4 11.Bb2 Qc7 12.h3 Bh5 13.cxd5 Nxd5 14.g4 Bg6 15.Nxe5
Bxe5 16.Bxe5 Qxe5 17.Nc4 Qe7 18.Bxg6 hxg6 19.Qc2 Qh4 20.Kg2 f5 21.Ne5 Qg5 
22.Nf3 Qxe3 23.Qc4 Qf4 24.Nh4 fxg4 25.hxg4 Qf6 26.Kg3 g5 27.Nf5 g6 28.Ne3 
Qf3+ 29.Kh2 Kf7 30.Ng2 Rh8+ 31.Kg1 Rh3 32.Rfe1 Rah8 0-1

[Event "I Festival A"]
[Site "Cattolica ITA"]
[Date "2005.06.13"]
[Round "3"]
[White "Trussardi, Giuseppe"]
[Black "Lucchi, Lorenzo"]
[Result "0-1"]
[WhiteElo "1768"]
[BlackElo "1870"]
[PlyCount "80"]
[EventDate "2005.06.11"]

1.c4 e5 2.Nc3 Bb4 3.e4 Nf6 4.Nge2 b6 5.g3 Bb7 6.Bg2 Na6 7.O-O Nc5 8.d3 O-O
9.h3 Bxc3 10.Nxc3 c6 11.f4 exf4 12.gxf4 d5 13.e5 Ne8 14.d4 Ne6 15.cxd5 
cxd5 16.f5 Ng5 17.Qg4 Ne4 18.Be3 f6 19.Nxe4 dxe4 20.Bxe4 h5 21.Qf3 Bxe4 
22.Qxe4 fxe5 23.dxe5 Nc7 24.Rad1 Qe7 25.e6 Rae8 26.Qg2 Rd8 27.Rde1 Nd5 28.
Bg5 Nf6 29.Kh1 Rde8 30.Rd1 Qc5 31.Bxf6 Rxf6 32.Rd7 Qf8 33.Rxa7 Rexe6 34.
Qd5 Kh7 35.Qd7 Re3 36.Kh2 Rd6 37.Qb7 Rd2+ 38.Kg1 Rg3+ 39.Kh1 Rxh3+ 40.Kg1 
Qc5+ 0-1

[Event "I Festival A"]
[Site "Cattolica ITA"]
[Date "2005.06.13"]
[Round "3"]
[White "Volpinari, Danilo"]
[Black "Fronzi, Ettore"]
[Result "1/2-1/2"]
[WhiteElo "2044"]
[BlackElo "1790"]
[PlyCount "40"]
[EventDate "2005.06.11"]

1.e4 c5 2.Nf3 Nc6 3.d4 cxd4 4.Nxd4 g6 5.c4 Bg7 6.Be3 d6 7.Nc3 Nf6 8.Be2 
Bd7 9.O-O O-O 10.f3 Rc8 11.Qd2 a6 12.Rac1 Nxd4 13.Bxd4 Be6 14.b3 Qa5 15.
Rfd1 Rfd8 16.Bf1 Nd7 17.Bxg7 Kxg7 18.Kh1 f6 19.Qe3 Qc5 20.Qe1 Qa5 1/2-1/2

[Event "I Festival A"]
[Site "Cattolica ITA"]
[Date "2005.06.13"]
[Round "3"]
[White "Weinberg, Emanuele"]
[Black "Savarese, Vincenzo"]
[Result "1-0"]
[WhiteElo "1926"]
[BlackElo "1730"]
[PlyCount "45"]
[EventDate "2005.06.11"]

1.d4 d5 2.Nf3 Nf6 3.g3 e6 4.Bg2 Be7 5.c4 O-O 6.b3 Bb4+ 7.Bd2 Be7 8.Nc3 c5 
9.dxc5 Nc6 10.cxd5 exd5 11.Be3 Qa5 12.Bd2 Qxc5 13.O-O Bf5 14.Rc1 Qd6 15.
Bf4 Qd7 16.Ne5 Nxe5 17.Bxe5 Rfd8 18.Bxf6 Bxf6 19.Nxd5 Bb2 20.Rc7 Qxc7 21.
Nxc7 Rxd1 22.Rxd1 Rc8 23.Bxb7 1-0

[Event "I Festival A"]
[Site "Cattolica ITA"]
[Date "2005.06.14"]
[Round "4"]
[White "Baldelli, Alex"]
[Black "Volpinari, Danilo"]
[Result "0-1"]
[WhiteElo "1901"]
[BlackElo "2044"]
[PlyCount "52"]
[EventDate "2005.06.11"]

1.d4 Nf6 2.Nf3 e6 3.Bg5 c5 4.c3 h6 5.Bh4 b6 6.e3 Bb7 7.Nbd2 cxd4 8.exd4 
Be7 9.Bd3 d6 10.Qe2 Nbd7 11.O-O g5 12.Bg3 Nh5 13.Be4 Nxg3 14.hxg3 Bxe4 15.
Nxe4 h5 16.Nfd2 d5 17.f4 dxe4 18.f5 e5 19.Nxe4 f6 20.dxe5 Nxe5 21.Nxg5 
Bc5+ 22.Kh2 Qd3 23.Qe1 O-O-O 24.Ne6 h4 25.gxh4 Ng4+ 26.Kh1 Qxf1+ 0-1

[Event "I Festival A"]
[Site "Cattolica ITA"]
[Date "2005.06.14"]
[Round "4"]
[White "Bellin, Robert Cecil"]
[Black "Bellincampi, Stefano"]
[Result "1-0"]
[WhiteElo "2397"]
[BlackElo "2077"]
[PlyCount "47"]
[EventDate "2005.06.11"]

1.e4 e5 2.Nf3 Nc6 3.Bb5 Nf6 4.O-O Nxe4 5.d4 Nd6 6.Bxc6 dxc6 7.dxe5 Ne4 8.
Qe2 Bf5 9.Rd1 Qc8 10.Nd4 Bc5 11.b4 Bb6 12.c4 c5 13.Nxf5 Qxf5 14.b5 Ba5 15.
f3 Ng5 16.h4 Ne6 17.g4 Nf4 18.Qb2 Qe6 19.Bxf4 Qxc4 20.Bg3 O-O 21.Na3 Qe6 
22.Qb3 c6 23.bxc6 Qxc6 24.Rd6 1-0

[Event "I Festival A"]
[Site "Cattolica ITA"]
[Date "2005.06.14"]
[Round "4"]
[White "Calza, Gabriele"]
[Black "Cerasi, Umberto"]
[Result "0-1"]
[WhiteElo "1790"]
[BlackElo "2002"]
[PlyCount "46"]
[EventDate "2005.06.11"]

1.c4 Nf6 2.g3 g6 3.Bg2 Bg7 4.Nc3 O-O 5.d3 d6 6.Bg5 c6 7.Qd2 Qa5 8.e4 Nbd7 
9.Bh6 Bxh6 10.Qxh6 Qb6 11.Qd2 Ne5 12.h3 d5 13.cxd5 cxd5 14.f4 Nxd3+ 15.
Qxd3 Qxb2 16.Qd2 Qxa1+ 17.Ke2 d4 18.Nb5 Qb1 19.Na3 Qb6 20.e5 Nh5 21.Kf3 
Be6 22.Rh2 Rac8 23.Bf1 Rc3+ 0-1

[Event "I Festival A"]
[Site "Cattolica ITA"]
[Date "2005.06.14"]
[Round "4"]
[White "Chatalbashev, Boris"]
[Black "Barlocco, Carlo"]
[Result "1-0"]
[WhiteElo "2499"]
[BlackElo "2195"]
[PlyCount "69"]
[EventDate "2005.06.11"]

1.d4 Nc6 2.d5 Ne5 3.e4 Ng6 4.h4 e5 5.h5 N6e7 6.Ne2 d6 7.Ng3 f5 8.exf5 Nxf5
9.Nxf5 Bxf5 10.Bb5+ Bd7 11.Qe2 Nf6 12.Nc3 a6 13.Bd3 Qe7 14.Bg5 Qf7 15.
O-O-O O-O-O 16.Bxa6 c5 17.dxc6 Bxc6 18.Bc4 d5 19.Bxf6 gxf6 20.Bb3 Rg8 21.
Qf3 Bh6+ 22.Kb1 Qg7 23.Bxd5 Bxd5 24.Nxd5 Qxg2 25.Qxf6 Bg7 26.Qf7 Kb8 27.
Qc7+ Ka7 28.Rh4 e4 29.Qc5+ Kb8 30.Rhh1 Qg5 31.Qc7+ Ka7 32.Rh3 Bf8 33.Qa5+ 
Kb8 34.Rg3 Rxd5 35.Rxd5 1-0

[Event "I Festival A"]
[Site "Cattolica ITA"]
[Date "2005.06.14"]
[Round "4"]
[White "Cox, John J."]
[Black "Ronchetti, Niccolo'"]
[Result "0-1"]
[WhiteElo "2322"]
[BlackElo "2364"]
[PlyCount "112"]
[EventDate "2005.06.11"]

1.d4 d5 2.c4 c6 3.Nf3 Nf6 4.e3 Bg4 5.h3 Bxf3 6.Qxf3 e6 7.Nc3 Nbd7 8.Bd3 
Bd6 9.O-O O-O 10.Rd1 Qe7 11.e4 dxe4 12.Nxe4 Nxe4 13.Qxe4 Nf6 14.Qf3 Qc7 
15.Bg5 Be7 16.Rd2 Rad8 17.Rad1 Rxd4 18.Bxf6 Bxf6 19.Bxh7+ Kxh7 20.Rxd4 
Bxd4 21.Qe4+ Kg8 22.Qxd4 Qa5 23.a3 e5 24.Qd6 Qa4 25.c5 e4 26.Rd4 Qc2 27.
Rb4 Qc1+ 28.Kh2 Qc2 29.Kg1 Qc1+ 30.Kh2 Qc2 31.Qd4 Rb8 32.Qe3 a5 33.Rxe4 
Qxb2 34.h4 Rd8 35.h5 Qf6 36.Re8+ Rxe8 37.Qxe8+ Kh7 38.Qe3 Qf5 39.Qc3 a4 
40.Qd4 Qxh5+ 41.Kg1 Qd5 42.Qe3 Kg6 43.g3 Kf6 44.Qc3+ Kg6 45.Qe3 Qc4 46.Kh2
Kh7 47.Kg1 f5 48.Kh2 Qc2 49.Qd4 Qb3 50.Qe5 Qf3 51.Kg1 Qe4 52.Qd6 Qe1+ 53.
Kg2 Qc3 54.Qd1 Qxc5 55.Qxa4 Qd5+ 56.Kf1 Kg6 0-1

[Event "I Festival A"]
[Site "Cattolica ITA"]
[Date "2005.06.14"]
[Round "4"]
[White "Dallaglio, Giovanni"]
[Black "Squarci, Franco"]
[Result "1-0"]
[WhiteElo "2038"]
[BlackElo "1863"]
[PlyCount "63"]
[EventDate "2005.06.11"]

1.d4 Nf6 2.Nf3 e6 3.c4 Bb4+ 4.Nbd2 b6 5.a3 Be7 6.e4 Bb7 7.Qc2 d6 8.g3 Nbd7
9.Bg2 h5 10.h4 Ng4 11.Nb1 c5 12.d5 e5 13.Nc3 a6 14.Ng5 Bc8 15.f3 Ngf6 16.
Qa4 O-O 17.Bd2 Nb8 18.Qc2 Nh7 19.f4 Nxg5 20.hxg5 g6 21.O-O-O Bg4 22.Rdf1 
Qd7 23.f5 b5 24.Bh3 b4 25.axb4 cxb4 26.Na4 Qb7 27.b3 Nd7 28.Bxg4 hxg4 29.
f6 Bxf6 30.gxf6 Nb6 31.Be3 Nxa4 32.Qh2 1-0

[Event "I Festival A"]
[Site "Cattolica ITA"]
[Date "2005.06.14"]
[Round "4"]
[White "De Rosa, Mariagrazia"]
[Black "Brancaleoni, Maurizio"]
[Result "0-1"]
[WhiteElo "2081"]
[BlackElo "2296"]
[PlyCount "62"]
[EventDate "2005.06.11"]

1.e4 e6 2.d4 d5 3.e5 Ne7 4.Nf3 b6 5.Bb5+ c6 6.Ba4 a5 7.c3 Ba6 8.h4 Qd7 9.
Nbd2 Bb5 10.Bc2 h6 11.Nf1 c5 12.Ng3 Nbc6 13.a3 cxd4 14.cxd4 Kd8 15.Bd3 
Bxd3 16.Qxd3 Kc7 17.Nh5 Kb7 18.Bd2 Na7 19.b4 a4 20.O-O Qb5 21.Qe3 Nf5 22.
Qf4 Be7 23.Ng3 g5 24.hxg5 hxg5 25.Nxg5 Rh4 26.Qf3 Rah8 27.Nh3 Nxd4 28.Qxf7
R8h7 29.Qg6 Rxh3 30.gxh3 Nf3+ 31.Kg2 Nh4+ 0-1

[Event "I Festival A"]
[Site "Cattolica ITA"]
[Date "2005.06.14"]
[Round "4"]
[White "De Toma, Francesco"]
[Black "Trussardi, Giuseppe"]
[Result "0-1"]
[WhiteElo "1780"]
[BlackElo "1768"]
[PlyCount "64"]
[EventDate "2005.06.11"]

1.e4 d6 2.d4 Nf6 3.Bd3 c6 4.Ne2 e5 5.c3 Be7 6.O-O O-O 7.f4 Qc7 8.f5 Nbd7 
9.Ng3 d5 10.Nd2 dxe4 11.dxe5 Nxe5 12.Bxe4 Rd8 13.Qe1 Re8 14.Qf2 b6 15.Nb3 
Bb7 16.Bf4 Rad8 17.Rad1 Ba6 18.Rfe1 Bd6 19.Bf3 Nxf3+ 20.Qxf3 Rxe1+ 21.Rxe1
Bxf4 22.Nd4 Bxg3 23.hxg3 c5 24.Nc2 Bb7 25.Qf2 h6 26.Na3 Qc6 27.Nc4 Ng4 28.
Qe2 h5 29.Nd2 Qd6 30.Nf3 Bc6 31.Qc2 Bxf3 32.gxf3 Qxg3+ 0-1

[Event "I Festival A"]
[Site "Cattolica ITA"]
[Date "2005.06.14"]
[Round "4"]
[White "Di Majo, Carlo"]
[Black "Ragnoni, Edoardo"]
[Result "1-0"]
[WhiteElo "1982"]
[BlackElo "1802"]
[PlyCount "73"]
[EventDate "2005.06.11"]

1.d4 d5 2.Nf3 Nf6 3.Bf4 e6 4.e3 Bd6 5.Ne5 O-O 6.Bd3 c5 7.c3 Nc6 8.Nd2 Qc7 
9.Ndf3 c4 10.Bc2 b5 11.a3 Bb7 12.Bg3 a5 13.Nxc6 Bxc6 14.Bxd6 Qxd6 15.Ne5 
Rfb8 16.O-O Be8 17.Qf3 Ra6 18.g4 Ne4 19.Qg2 f6 20.Nf3 b4 21.Bxe4 dxe4 22.
Nd2 bxc3 23.bxc3 f5 24.Nxc4 Qc7 25.Ne5 Qxc3 26.Rfc1 Qb2 27.Qf1 Qb7 28.Rab1
Rb6 29.Rxb6 Qxb6 30.Qc4 Qd6 31.gxf5 Qxa3 32.fxe6 Qe7 33.Qc7 Qxc7 34.Rxc7 
a4 35.Ra7 Rd8 36.e7 Rb8 37.d5 1-0

[Event "I Festival A"]
[Site "Cattolica ITA"]
[Date "2005.06.14"]
[Round "4"]
[White "Friedrich, Norbert"]
[Black "Battistella, Stefano"]
[Result "1-0"]
[WhiteElo "2303"]
[BlackElo "2055"]
[PlyCount "113"]
[EventDate "2005.06.11"]

1.e4 c5 2.Nf3 Nf6 3.e5 Nd5 4.Nc3 e6 5.Nxd5 exd5 6.d4 Nc6 7.dxc5 Bxc5 8.
Qxd5 d6 9.exd6 Qb6 10.Qe4+ Be6 11.Qh4 Bxd6 12.Bd3 Qb4+ 13.c3 Qxh4 14.Nxh4 
O-O-O 15.Bf5 Bxf5 16.Nxf5 Rhe8+ 17.Be3 Bc5 18.O-O Bxe3 19.Nxe3 Rd2 20.Nc4 
Rd5 21.Rfd1 Red8 22.Rxd5 Rxd5 23.a4 Kc7 24.Kf1 b6 25.Ke2 a6 26.Rd1 Rh5 27.
h3 Rh6 28.Rd5 Re6+ 29.Kd2 Ne7 30.Re5 Rxe5 31.Nxe5 f6 32.Nc4 Kc6 33.Kd3 Nd5
34.g3 Nc7 35.Ne3 Ne6 36.b4 Ng5 37.h4 Nf3 38.Nf5 Ne5+ 39.Kd4 g6 40.Ne3 Nf3+
41.Ke4 Nd2+ 42.Kd3 Nf3 43.Ng4 f5 44.Nf6 b5 45.axb5+ axb5 46.Nxh7 Kd5 47.
Ke2 Ne5 48.f4 Ng4 49.Nf8 Kc4 50.Kd2 Nf6 51.Nxg6 Ne4+ 52.Kc2 Nxc3 53.Ne7 
Kxb4 54.h5 Kc4 55.h6 b4 56.h7 b3+ 57.Kc1 1-0

[Event "I Festival A"]
[Site "Cattolica ITA"]
[Date "2005.06.14"]
[Round "4"]
[White "Frilli, Guido"]
[Black "Fratino, Lorenzo"]
[Result "1-0"]
[WhiteElo "2117"]
[BlackElo "1915"]
[PlyCount "69"]
[EventDate "2005.06.11"]

1.e4 e5 2.Bc4 Nf6 3.d3 Nc6 4.Nf3 Bc5 5.O-O O-O 6.c3 d5 7.exd5 Nxd5 8.b4 
Be7 9.b5 Na5 10.Nxe5 Bf6 11.Qf3 Nxc4 12.dxc4 Nb6 13.Bf4 Bxe5 14.Bxe5 Nxc4 
15.Bd4 Qg5 16.a4 Nd6 17.Be3 Qg4 18.Nd2 Qxf3 19.Nxf3 Nc4 20.Bf4 Bg4 21.Bxc7
Bxf3 22.gxf3 Nd2 23.Rfd1 Nxf3+ 24.Kg2 Ng5 25.Ba5 b6 26.Bb4 Rfd8 27.Be7 
Rxd1 28.Rxd1 Ne4 29.Rd3 Rc8 30.Rd7 Nxc3 31.Rxa7 g6 32.Bf6 Nd5 33.Bd4 h5 
34.a5 bxa5 35.b6 1-0

[Event "I Festival A"]
[Site "Cattolica ITA"]
[Date "2005.06.14"]
[Round "4"]
[White "Marini, Lucio"]
[Black "Gandolfi, Gianfranco"]
[Result "1-0"]
[WhiteElo "1527"]
[BlackElo "1967"]
[PlyCount "59"]
[EventDate "2005.06.11"]

1.d4 d5 2.c4 Bf5 3.Nc3 e6 4.cxd5 exd5 5.e3 a6 6.Qb3 Nf6 7.Qxb7 Nbd7 8.Nxd5
Nxd5 9.Qxd5 Bb4+ 10.Bd2 Bxd2+ 11.Kxd2 Be6 12.Qa5 O-O 13.Bd3 Nb6 14.Rc1 c5 
15.Rxc5 Bc4 16.Nf3 Bb5 17.b4 Qd6 18.Rhc1 Nd7 19.Qc7 Qe6 20.R5c2 Bxd3 21.
Kxd3 Qg6+ 22.Kd2 Qxg2 23.Qg3 Qxg3 24.hxg3 Nb6 25.a3 Nd5 26.Ne5 Nf6 27.Kd3 
Rfb8 28.Rc7 Re8 29.Nxf7 Ne4 30.R1c2 1-0

[Event "I Festival A"]
[Site "Cattolica ITA"]
[Date "2005.06.14"]
[Round "4"]
[White "Meijers, Viesturs"]
[Black "Lazarev, Vladimir"]
[Result "1/2-1/2"]
[WhiteElo "2486"]
[BlackElo "2507"]
[PlyCount "28"]
[EventDate "2005.06.11"]

1.e4 e5 2.Nf3 Nf6 3.Nxe5 d6 4.Nf3 Nxe4 5.Qe2 Qe7 6.d3 Nf6 7.Bg5 Qxe2+ 8.
Bxe2 Be7 9.Nc3 c6 10.Ne4 Nxe4 11.dxe4 Bxg5 12.Nxg5 h6 13.Nf3 Nd7 14.O-O-O 
Ke7 1/2-1/2

[Event "I Festival A"]
[Site "Cattolica ITA"]
[Date "2005.06.14"]
[Round "4"]
[White "Nardi, Marco"]
[Black "Napoli, Nicolo'"]
[Result "1-0"]
[WhiteElo "2017"]
[BlackElo "2205"]
[PlyCount "103"]
[EventDate "2005.06.11"]

1.e4 d6 2.d4 Nf6 3.Nc3 c6 4.h3 Qa5 5.Qf3 d5 6.Bd2 Qb6 7.O-O-O dxe4 8.Nxe4 
Nxe4 9.Qxe4 Nd7 10.Bc4 Nf6 11.Qe5 Qd8 12.Nf3 e6 13.Rhe1 Be7 14.Qg3 b5 15.
Bd3 Bb7 16.Ne5 Kf8 17.Qf4 h6 18.h4 Bd6 19.Ba5 Bxe5 20.Bb4+ Kg8 21.Qxe5 Nd5
22.Bc5 Qxh4 23.Kb1 Qg5 24.Qh2 a6 25.Re5 Qf6 26.g4 Rd8 27.Rh1 g6 28.Rf1 Nf4
29.Be4 Kg7 30.Bh1 g5 31.Rfe1 Rd7 32.Qg3 Qd8 33.Qc3 a5 34.Qe3 h5 35.gxh5 
Rxh5 36.Qg3 f6 37.R5e4 Qh8 38.Bf3 Rh3 39.Qg4 Qh4 40.Rxf4 Qxf2 41.Qxe6 Rf7 
42.Bd5 Qxe1+ 43.Qxe1 cxd5 44.Rf1 b4 45.Rh1 Bc8 46.Rxh3 Bxh3 47.a3 bxa3 48.
Bxa3 a4 49.Qb4 Bd7 50.Qd6 g4 51.Qxd5 f5 52.Bd6 1-0

[Event "I Festival A"]
[Site "Cattolica ITA"]
[Date "2005.06.14"]
[Round "4"]
[White "Pivotto, Carlo"]
[Black "Pircher, Karl"]
[Result "0-1"]
[WhiteElo "1802"]
[BlackElo "2037"]
[PlyCount "44"]
[EventDate "2005.06.11"]

1.e4 e6 2.d3 d5 3.Nd2 Nf6 4.Ngf3 c5 5.g3 Nc6 6.Bg2 Be7 7.O-O Qc7 8.Re1 b6 
9.e5 Nd7 10.Qe2 g5 11.h3 h5 12.g4 hxg4 13.hxg4 Bb7 14.Nf1 O-O-O 15.c3 Rdg8
16.Bd2 Rg6 17.a3 Qd8 18.b4 Qg8 19.c4 dxc4 20.dxc4 Rgh6 21.b5 Nd4 22.Nxd4 
Rh1+ 0-1

[Event "I Festival A"]
[Site "Cattolica ITA"]
[Date "2005.06.14"]
[Round "4"]
[White "Popa, Claudiu"]
[Black "Lucchi, Lorenzo"]
[Result "1-0"]
[WhiteElo "2186"]
[BlackElo "1870"]
[PlyCount "85"]
[EventDate "2005.06.11"]

1.e4 e5 2.Nf3 d6 3.d4 exd4 4.Nxd4 Nf6 5.Nc3 b6 6.Bb5+ Bd7 7.Bxd7+ Qxd7 8.
Qf3 c6 9.Bg5 Be7 10.Nf5 O-O 11.Nxe7+ Qxe7 12.Bxf6 Qxf6 13.Qxf6 gxf6 14.
O-O-O Rd8 15.Rd2 Kf8 16.Rhd1 Ke7 17.Ne2 Na6 18.Nd4 Kd7 19.Nf5 Kc7 20.Rxd6 
Rxd6 21.Rxd6 Rg8 22.g3 Rg6 23.Rd4 c5 24.Ra4 Kb7 25.Nd6+ Kc6 26.Rxa6 Kxd6 
27.Rxa7 Ke5 28.Re7+ Kd4 29.Kd2 Rh6 30.h4 f5 31.c3+ Kc4 32.b3+ Kb5 33.a4+ 
Kc6 34.exf5 Rf6 35.g4 h5 36.f3 hxg4 37.fxg4 Rh6 38.Rxf7 Rxh4 39.g5 Rh2+ 
40.Ke3 Rh3+ 41.Ke4 Rxc3 42.g6 Rxb3 43.g7 1-0

[Event "I Festival A"]
[Site "Cattolica ITA"]
[Date "2005.06.14"]
[Round "4"]
[White "Radovanovic, Jovica"]
[Black "Dittmar, Peter"]
[Result "0-1"]
[WhiteElo "2340"]
[BlackElo "2319"]
[PlyCount "77"]
[EventDate "2005.06.11"]

1.e4 c6 2.d4 d5 3.Nc3 dxe4 4.Nxe4 Nd7 5.Nf3 Ngf6 6.Ng3 e6 7.Bd3 c5 8.O-O 
cxd4 9.Nxd4 Bc5 10.Nb3 Be7 11.a4 O-O 12.Qe2 Qc7 13.Re1 Re8 14.Bd2 Nf8 15.
a5 Bd7 16.c4 Ng6 17.Nh5 Nxh5 18.Qxh5 Bf6 19.Nc5 Bc6 20.Re3 Bxg2 21.Rg3 Bd4
22.Nb3 Bxb2 23.Rb1 Rad8 24.Rxb2 Bc6 25.Rh3 h6 26.Rg3 Nf4 27.Qxh6 Ne2+ 28.
Bxe2 Qxg3+ 29.fxg3 gxh6 30.Bxh6 e5 31.Be3 f5 32.Bxa7 f4 33.Kf2 Rf8 34.Bc5 
Rf7 35.Bg4 Rg7 36.Be6+ Kh8 37.gxf4 Rg2+ 38.Ke3 Rxb2 39.Nc1 0-1

[Event "I Festival A"]
[Site "Cattolica ITA"]
[Date "2005.06.14"]
[Round "4"]
[White "Raineri, Valerio"]
[Black "Safranska, Anda"]
[Result "0-1"]
[WhiteElo "2145"]
[BlackElo "2298"]
[PlyCount "124"]
[EventDate "2005.06.11"]

1.e4 g6 2.d4 d6 3.Nc3 c6 4.Be3 Bg7 5.f3 b5 6.Qd2 Qc7 7.Nge2 Nd7 8.g4 Nb6 
9.Ng3 h6 10.Be2 Nf6 11.Nd1 Bb7 12.Nf2 a6 13.O-O-O O-O-O 14.Kb1 c5 15.c3 e5
16.d5 h5 17.g5 Nfd7 18.h4 Kb8 19.b3 f6 20.Nh3 Bc8 21.gxf6 Bxf6 22.Ng5 Nf8 
23.Rhg1 Nh7 24.Nh1 Rdf8 25.Nf2 Nxg5 26.Bxg5 c4 27.Rg3 Bxg5 28.Rxg5 Qc5 29.
Rf1 Rf6 30.Nd1 Bd7 31.Rfg1 Be8 32.Qe3 Qxe3 33.Nxe3 cxb3 34.axb3 Rh7 35.Nc2
Rf4 36.Rh1 Kb7 37.Ne1 Rc7 38.Kb2 a5 39.Nd3 Rf8 40.Rgg1 Nd7 41.Nf2 Nc5 42.
Nh3 Kb6 43.Rh2 a4 44.b4 a3+ 45.Kxa3 Na4 46.Rc1 Nxc3 47.Ng5 Bd7 48.Bd1 Nxd5
49.Rxc7 Nxc7 50.Bb3 Rf6 51.Rc2 Ne6 52.Bxe6 Bxe6 53.Nxe6 Rxe6 54.Rg2 Rf6 
55.Rg3 Kc6 56.Kb3 d5 57.exd5+ Kxd5 58.Kc3 Rf4 59.Rxg6 Rxf3+ 60.Kd2 Rf4 61.
Kc3 Rxh4 62.Rb6 Rh3+ 0-1

[Event "I Festival A"]
[Site "Cattolica ITA"]
[Date "2005.06.14"]
[Round "4"]
[White "Rocchetti, Marco"]
[Black "Grau, Peter"]
[Result "1/2-1/2"]
[WhiteElo "1937"]
[BlackElo "2082"]
[PlyCount "104"]
[EventDate "2005.06.11"]

1.d4 d5 2.Nf3 e6 3.Bf4 Bd6 4.Bg3 Bxg3 5.hxg3 Nf6 6.Nbd2 Nbd7 7.e3 Qe7 8.
Ne5 Nxe5 9.dxe5 Nd7 10.Qh5 Nc5 11.O-O-O Bd7 12.Qg4 g6 13.Rh6 O-O-O 14.Be2 
f5 15.Qd4 Kb8 16.f3 Rhg8 17.Rdh1 Rg7 18.Qh4 g5 19.Qd4 Be8 20.Kb1 Bg6 21.b4
Nd7 22.Nb3 Rc8 23.Nc5 Nxc5 24.bxc5 c6 25.Ka1 Kc7 26.Rb1 Kd8 27.Bd3 Ke8 28.
g4 Rd8 29.Rbh1 Kf8 30.gxf5 exf5 31.g4 fxg4 32.Bxg6 hxg6 33.Rh8+ Rg8 34.
fxg4 Qf7 35.R8h7 Rg7 36.Rh8+ Rg8 37.Qd3 Rxh8 38.Rxh8+ Ke7 39.Rxd8 Kxd8 40.
e4 Qe6 41.exd5 Qxe5+ 42.Kb1 cxd5 43.Qxg6 d4 44.Qg8+ Kd7 45.Qc4 a5 46.a4 
Qe1+ 47.Kb2 Qe3 48.Qb3 Kc8 49.Qg8+ Kc7 50.Qb3 Kc8 51.Qg8+ Kd7 52.Qd5+ Kc7 
1/2-1/2